000 00412nam a2200193Ia 4500
005 20240823034832.0
008 240823s9999||||xx |||||||||||||| ||und||
020 _a81-291-0711-2
041 _aENGLISH
082 _A920 Q2
100 _aMurthi R K
245 0 _aAlbert Einstein
250 _a1st
260 _c2012
_bRupa
500 _aYES
650 _aNovel
_bEnglish
942 _cBK
999 _c199240
_d199240